[Event "Lippe Cup-C 08th"]
[Site "Lieme"]
[Date "2011.10.28"]
[Round "1"]
[White "Langenhop, Nils"]
[Black "Kaierle, Dieter"]
[Result "1-0"]
[WhiteElo "1169"]
[BlackElo "1381"]
[PlyCount "73"]
[EventDate "2011.10.28"]
[EventType "swiss"]
[EventRounds "5"]
[EventCountry "GER"]
[SourceTitle "EXT 2012"]
[Source "ChessBase"]
[SourceDate "2011.11.24"]
[SourceVersion "1"]
[SourceVersionDate "2011.11.24"]
[SourceQuality "1"]

1. e4 e5 2. Nf3 Nc6 3. Bc4 Nf6 4. d3 d6 5. Be3 Na5 6. Nbd2 Be7 7. c3 Nxc4 8. Nxc4 0-0 9. 0-0 Re8 10. Qc2 c6 11. Ncd2 Ng4 12. Rae1 h6 13. d4 Nxe3 14. Rxe3 Bf6 15. Nb3 b6 16. dxe5 dxe5 17. Rd1 Qc7 18. h3 a5 19. a3 a4 20. Nc1 Ba6 21. c4 b5 22. cxb5 Bxb5 23. Rc3 Be7 24. Nd3 f6 25. b4 axb3 26. Qxb3+ Kh7 27. Qxb5 Rxa3 28. Rxc6 Qa7 29. Rc2 Rb8 30. Qc4 Ra4 31. Qc7 Rb7 32. Qc8 Rb8 33. Qe6 Ra6 34. Rc6 Ra3 35. Qc4 Rd8 36. Rc7 Qa4 37. Qxa4 1-0